| 000 | 01379cad a2200265 4500 | ||
|---|---|---|---|
| 001 | L158853 | ||
| 008 | 100215n2013 000 0 eng u | ||
| 020 | _a9781783210305 | ||
| 035 | _a(Sirsi) u158853 | ||
| 041 | _aeng | ||
| 100 | 1 | _aPinto, D.E. | |
| 111 | 2 |
_aConstruction and Building Research Conference _cIIT Delhi, New Delhi _d10-12 September 2013 |
|
| 245 | 0 | 0 |
_aImpediments to residential property investment in Angola _h[electronic resource] |
| 260 |
_aLondon _bRICS _c2013 |
||
| 490 | 0 |
_aCOBRA _v2013 |
|
| 520 | _aA paper presented at the COBRA Conference in New Delhi on 10-12 September 2013. Looks into the major factors inhibiting residential investment in property in Angola after nearly 30 years of civil war. The number of daunting socio-economic challenges being faced include the re-settlement of a large percentage of the population and urban re-structuring. The major factors include access to and the cost of finance, land law and conveyancing procedures, urbanization, the development of ?musseques? (informal settlements) and the lack of infrastructure. | ||
| 650 | 2 | 4 | _aCONSTRUCTION AND BUILDING RESEARCH CONFERENCE (COBRA) |
| 650 | 2 | 4 | _aRESIDENTIAL PROPERTY INVESTMENT |
| 650 | 2 | 4 | _aHOUSING |
| 650 | 2 | 4 | _aINFRASTRUCTURE DEVELOPMENT |
| 651 | 4 | _aAngola | |
| 690 |
_aPlanning and development _96259 |
||
| 700 | 1 | _aCloete, C. E. | |
| 942 | _n0 | ||
| 999 |
_c115547 _d115547 |
||